[Event "Maicao op 3rd"]
[Site "Maicao"]
[Date "2014.05.03"]
[Round "6"]
[White "Ruiz Bolanos, Adrian Nicolas"]
[Black "Hernandez Villar, Andres F"]
[Result "1/2-1/2"]
[WhiteElo "1539"]
[BlackElo "1744"]
[PlyCount "77"]
[EventDate "2014.05.01"]
[EventType "swiss"]
[EventRounds "7"]
[EventCountry "COL"]
[SourceTitle "CBM 160 Extra"]
[Source "ChessBase"]
[SourceDate "2014.07.01"]
[SourceVersion "1"]
[SourceVersionDate "2014.07.01"]
[SourceQuality "1"]

1. e4 e6 2. Nf3 d5 3. exd5 exd5 4. d4 Nf6 5. c4 Bb4+ 6. Nc3 0-0 7. Be2 Ne4 8. Qc2 Bf5 9. Qb3 Bxc3+ 10. bxc3 b6 11. Bf4 dxc4 12. Bxc4 Nc6 13. 0-0 Nd6 14. Bxd6 Qxd6 15. Qb5 Ne7 16. Rfe1 Rfe8 17. Qe5 Qxe5 18. Rxe5 Kf8 19. Rae1 c6 20. Nh4 Bg6 21. Kf1 a5 22. Be2 Nd5 23. Bf3 Bd3+ 24. Kg1 Bc4 25. Rxe8+ Rxe8 26. Rxe8+ Kxe8 27. Bxd5 Bxd5 28. a3 g6 29. f4 Ke7 30. Kf2 Kd6 31. Ke3 c5 32. Kd3 b5 33. Nf3 Bxf3 34. gxf3 c4+ 35. Kc2 Kd5 36. Kb2 b4 37. cxb4 axb4 38. axb4 Kxd4 39. Kc2 1/2-1/2

[Event "Maicao op"]
[Site "Maicao"]
[Date "2012.10.14"]
[Round "6"]
[White "Ruiz Bolanos, Adrian Nicolas"]
[Black "Bracho Mendoza, Ana Isabel"]
[Result "0-1"]
[WhiteElo "1569"]
[BlackElo "1663"]
[PlyCount "92"]
[EventDate "2012.10.13"]
[EventType "swiss"]
[EventRounds "6"]
[EventCountry "COL"]
[SourceTitle "EXT 2013"]
[Source "ChessBase"]
[SourceDate "2012.11.22"]
[SourceVersion "1"]
[SourceVersionDate "2012.11.22"]
[SourceQuality "1"]

1. e4 c5 2. Nf3 Nc6 3. d4 cxd4 4. Nxd4 Nf6 5. Nc3 d6 6. Bb5 Bd7 7. 0-0 g6 8. Be3 Bg7 9. Qd2 Ng4 10. Nxc6 bxc6 11. Be2 Nxe3 12. Qxe3 0-0 13. f4 Qb6 14. Qxb6 axb6 15. h3 b5 16. Rf3 b4 17. Nd1 c5 18. Bc4 e6 19. c3 Rfb8 20. Rb1 Bc6 21. Rf2 Bxe4 22. Rc1 Bc6 23. Kf1 d5 24. Bd3 bxc3 25. bxc3 c4 26. Be2 Rxa2 27. Bf3 Ra3 28. Ke2 Rbb3 29. Kd2 Ra2+ 30. Ke1 Raa3 31. Kd2 Bf8 32. g4 Bc5 33. Re2 Ra7 34. h4 Bb5 35. Ke1 d4 36. cxd4 Bxd4 37. Be4 c3 38. Rec2 Rc7 39. f5 exf5 40. gxf5 Bf6 41. h5 Kg7 42. fxg6 fxg6 43. hxg6 hxg6 44. Ne3 Re7 45. Bd5 Rb2 46. Kf2 Bd3 0-1

[Event "Maicao op"]
[Site "Maicao"]
[Date "2012.10.13"]
[Round "3"]
[White "Ruiz Bolanos, Adrian Nicolas"]
[Black "Charris Zabaleta, Rafael Julio"]
[Result "0-1"]
[WhiteElo "1569"]
[BlackElo "1796"]
[PlyCount "62"]
[EventDate "2012.10.13"]
[EventType "swiss"]
[EventRounds "6"]
[EventCountry "COL"]
[SourceTitle "EXT 2013"]
[Source "ChessBase"]
[SourceDate "2012.11.22"]
[SourceVersion "1"]
[SourceVersionDate "2012.11.22"]
[SourceQuality "1"]

1. e4 c5 2. Nf3 d6 3. d4 cxd4 4. Nxd4 Nf6 5. Nc3 g6 6. Bd3 Nc6 7. Be3 Bg7 8. 0-0 0-0 9. Qd2 Ng4 10. Nxc6 bxc6 11. Be2 Nxe3 12. Qxe3 Qa5 13. a3 Rb8 14. Rab1 Be6 15. Kh1 d5 16. e5 c5 17. Nd1 d4 18. Qg3 c4 19. f4 Qd2 20. Qe1 Qxc2 21. Ra1 d3 22. Bf3 Rfd8 23. Qc3 Qxc3 24. bxc3 f6 25. Re1 fxe5 26. fxe5 Rb5 27. a4 Rxe5 28. Rxe5 Bxe5 29. Rb1 Rb8 30. Rxb8+ Bxb8 31. h3 Be5 0-1